Convalidaciones

Guardat en:
Dades bibliogràfiques
Autor corporatiu: Universidad Nacional de Educación a Distancia (autor)
Format: Llibre
Idioma:espanyol
Publicat: Madrid UNED 1975
Matèries:
Etiquetes: Afegir etiqueta
Sense etiquetes, Sigues el primer a etiquetar aquest registre!

MARC

LEADER 00000nam a2200000 a 4500
001 UCY2161
003 CL-VaPUC
008 941011e19750000SP |||||||||||||||||spa|d
082 0 4 |a 371.394  |b UNI  |2 21 
110 |a Universidad Nacional de Educación a Distancia  |e autor  |9 330204 
245 1 0 |a Convalidaciones 
300 |a 57 p 
942 |c BK 
945 |d 19941011 00:00:00  |a rbrito 
260 |a Madrid  |b UNED  |c 1975 
650 0 |a Educación a distancia   |9 308343 
583 |a last modification  |c 19941011 00:00:00  |k Rodrigo Vera 
999 |c 230651  |d 230649 
952 |0 0  |1 0  |4 0  |6 371_394000000000000_UNI_1975  |7 0  |8 P  |9 233069  |a BIBEDU  |b BIBEDU  |c BIBEDU_PB  |d 2019-11-15  |i 3018296  |o 371.394 UNI 1975  |p 3018296  |r 2024-01-25  |w 2019-11-15  |y BK  |k EDU